<?xml version="1.0" encoding="UTF-8"?>
<record
    xmlns:xsi="http://www.w3.org/2001/XMLSchema-instance"
    xsi:schemaLocation="http://www.loc.gov/MARC21/slim http://www.loc.gov/standards/marcxml/schema/MARC21slim.xsd"
    xmlns="http://www.loc.gov/MARC21/slim">

  <leader>02492nab a2200301uuc4500</leader>
  <controlfield tag="001">1245773</controlfield>
  <controlfield tag="005">20240202102720.0</controlfield>
  <controlfield tag="008">110617m01uu2010                    spa  </controlfield>
  <datafield tag="035" ind1=" " ind2=" ">
    <subfield code="a">1245773</subfield>
  </datafield>
  <datafield tag="035" ind1=" " ind2=" ">
    <subfield code="a">(OCoLC)820586430</subfield>
  </datafield>
  <datafield tag="040" ind1=" " ind2=" ">
    <subfield code="c">comduadb</subfield>
  </datafield>
  <datafield tag="041" ind1=" " ind2=" ">
    <subfield code="a">spa</subfield>
  </datafield>
  <datafield tag="100" ind1="1" ind2="0">
    <subfield code="a">G&#xF3;mez Hern&#xE1;ndez, Diana Alexandra</subfield>
    <subfield code="4">aut</subfield>
    <subfield code="e">aut</subfield>
    <subfield code="9">606532</subfield>
  </datafield>
  <datafield tag="245" ind1="1" ind2="0">
    <subfield code="a">Resistencia a la corrosi&#xF3;n de recubrimientos a base de titanio y circonio producidos por magnetr&#xF3;n sputtering DC</subfield>
  </datafield>
  <datafield tag="520" ind1="3" ind2=" ">
    <subfield code="a">Se depositaron recubrimientos de nitruro de titanio (TiN y TiN/Ti) y nitruro de titanio circonio (TiZrN) sobre aceros AISI 304 y 316L por medio de la t&#xE9;cnica magnetr&#xF3;n Sputtering DC para evaluar sus propiedades superficiales y mec&#xE1;nicas, as&#xED; como la resistencia a la corrosi&#xF3;n. El an&#xE1;lisis estructural realizado por medio de difracci&#xF3;n de rayos X (XRD) mostr&#xF3; que todos los materiales estudiados cristalizaron en una estructura f.c.c, con orientaci&#xF3;n preferencial en plano de Bragg (111); el recubrimiento de TiZrN, muestra estr&#xE9;s a la compresi&#xF3;n por la inclusi&#xF3;n de &#xE1;tomos de Zr en la estructura del TiN y se observa ensanchamiento en los picos de difracci&#xF3;n debido a la presencia de TiN en la pel&#xED;cula. Las caracter&#xED;sticas superficiales medidas por perfilometr&#xED;a (rugosidad Ra) y espesor) muestran
valores de Ra inferiores a 100 nm, t&#xED;picos de capas delgadas sintetizadas por este m&#xE9;todo. Los espesores obtenidos var&#xED;an desde 364,50 nm hasta 580,25 nm. Usando nanoindentaci&#xF3;n se obtuvieron valores de dureza de capa de TiN, TiN/Ti y TiZrN de 16,173, 18,524 y 17,307 Gpa respectivamente; la evaluaci&#xF3;n de la resistencia a la corrosi&#xF3;n (polarizaci&#xF3;n tafel) muestra que la velocidad de corrosi&#xF3;n del acero disminuye cuando la superficie es protegida con un recubrimiento, hecho que se determin&#xF3; por la reducci&#xF3;n de la tasa de corrosi&#xF3;n.</subfield>
  </datafield>
  <datafield tag="650" ind1=" " ind2=" ">
    <subfield code="a">Magnetr&#xF3;n sputtering</subfield>
    <subfield code="9">187764</subfield>
  </datafield>
  <datafield tag="650" ind1=" " ind2=" ">
    <subfield code="a">Recubrimientos - Caracter&#xED;sticas</subfield>
    <subfield code="9">165692</subfield>
  </datafield>
  <datafield tag="650" ind1=" " ind2=" ">
    <subfield code="a">Resistencia a la corrosi&#xF3;n</subfield>
    <subfield code="9">175965</subfield>
  </datafield>
  <datafield tag="650" ind1=" " ind2=" ">
    <subfield code="a">Titanio</subfield>
    <subfield code="9">38637</subfield>
  </datafield>
  <datafield tag="650" ind1=" " ind2=" ">
    <subfield code="a">Circonio</subfield>
    <subfield code="9">16124</subfield>
  </datafield>
  <datafield tag="700" ind1="1" ind2="0">
    <subfield code="a">Jurado Ortiz, Paola Alejandra</subfield>
    <subfield code="4">aut</subfield>
    <subfield code="e">aut</subfield>
    <subfield code="9">623128</subfield>
  </datafield>
  <datafield tag="700" ind1="1" ind2="0">
    <subfield code="a">De la Roche Yepes, Jhonattan</subfield>
    <subfield code="4">aut</subfield>
    <subfield code="e">aut</subfield>
    <subfield code="9">623129</subfield>
  </datafield>
  <datafield tag="700" ind1="1" ind2="0">
    <subfield code="a">Ruden Mu&#xF1;oz, Alexander</subfield>
    <subfield code="4">aut</subfield>
    <subfield code="e">aut</subfield>
    <subfield code="9">623131</subfield>
  </datafield>
  <datafield tag="700" ind1="1" ind2="0">
    <subfield code="a">Sequeda Osorio, Federico</subfield>
    <subfield code="4">aut</subfield>
    <subfield code="e">aut</subfield>
    <subfield code="9">368856</subfield>
  </datafield>
  <datafield tag="700" ind1="1" ind2="0">
    <subfield code="a">Gonz&#xE1;lez Carmona, Juan Manuel</subfield>
    <subfield code="4">aut</subfield>
    <subfield code="e">aut</subfield>
    <subfield code="9">644872</subfield>
  </datafield>
  <datafield tag="773" ind1="0" ind2=" ">
    <subfield code="t">Informador T&#xE9;cnico (Cali)</subfield>
    <subfield code="g">No. 74, Ene. 2010, 39-43</subfield>
    <subfield code="w">121056</subfield>
    <subfield code="z">0122056X</subfield>
    <subfield code="0">69439</subfield>
  </datafield>
  <datafield tag="942" ind1=" " ind2=" ">
    <subfield code="c">ARIMP</subfield>
  </datafield>
  <datafield tag="999" ind1=" " ind2=" ">
    <subfield code="c">590753</subfield>
    <subfield code="d">590753</subfield>
  </datafield>
</record>
